000
00288 a2200109 4500
000
nam a22 7a 4500
005
20260318100806.0
100
_a
Kumari, Sanju
_9
1132144
245
_a
Concepts in inorganic chemistry
260
_b
Asia Publishers and Distributors
_c
2026
942
_c
TEXL
999
_c
1715648
_d
1715648